Football (Soccer) Clubs with the most Facebook likes - Statistics

General Stats
  • This quiz has been taken 79 times
  • The average score is 20 of 25
Answer Stats
No. Likes Country Answer % Correct
4 46.458.825 England Chelsea F.C.
100%
1 94.267.907 Spain FC Barcelona
100%
2 92.051.566 Spain Real Madrid C.F.
100%
6 36.836.523 England Arsenal F.C.
99%
7 28.950.088 England Liverpool F.C.
99%
5 38.840.303 Germany FC Bayern Munich
97%
10 24.274.629 Italy Juventus F.C.
97%
9 24.836.561 Italy A.C. Milan
96%
8 25.519.616 France Paris Saint-Germain F.C.
96%
12 14.757.694 Germany Borussia Dortmund
93%
3 70.888.093 England Manchester United F.C.
93%
14 13.424.681 Spain Atlético Madrid
89%
22 8.108.159 Italy A.S. Roma
85%
21 8.111.024 Argentina Boca Juniors
85%
13 13.425.149 Turkey Galatasaray S.K.
85%
11 21.646.479 England Manchester City F.C.
85%
23 7.977.106 England Tottenham Hotspur F.C.
85%
18 9.976.093 Turkey Fenerbahçe S.K.
79%
24 6.730.416 Argentina Club Atlético River Plate
76%
25 6.690.095 Brazil São Paulo FC
54%
16 10.654.976 Brazil Flamengo
51%
15 11.063.939 Brazil Sport Club Corinthians
47%
19 8.907.971 Mexico Club América
38%
17 10.251.362 Egypt Al Ahly SC
32%
20 8.575.095 Indonesia Persib Bandung
8%
No matching quizzes found
Score Distribution
Percent of People with Each Score
Percentile by Number Answered
Your Score History
You have not taken this quiz